|
|
|
|
| LEADER |
00921nam a22002531 4500 |
| 001 |
c000051141 |
| 003 |
CARM |
| 005 |
00000000000000.0 |
| 008 |
840306s1961 nyua b 00000 eng |
| 019 |
1 |
|
|a 3122789
|z 42737801
|z 54017401
|z 57402697
|5 LACONCORD2021
|
| 035 |
|
|
|a (OCoLC)543841
|5 LACONCORD2021
|
| 040 |
|
|
|a DLC/ICU
|c ICU
|
| 050 |
0 |
0 |
|a QB461
|b .L52
|
| 100 |
1 |
|
|a Liller, William,
|d 1927-
|e ed.
|
| 245 |
1 |
0 |
|a Space astrophysics.
|
| 260 |
|
|
|a New York,
|b McGraw-Hill,
|c 1961.
|
| 300 |
|
|
|a 272 p.
|b illus.
|c 24 cm.
|
| 440 |
|
4 |
|a The University of Michigan Institute of Science and Technology series
|
| 504 |
|
|
|a Includes bibliography.
|
| 650 |
|
0 |
|a Astrophysics.
|
| 852 |
8 |
|
|b CARM
|h A2:AD08F0
|i C00493
|p 0027568
|f BK
|
| 082 |
0 |
4 |
|a 523.01
|
| 999 |
f |
f |
|i 2779950d-1307-51af-8fac-46419b7eb0d6
|s da239d73-6353-5ff9-8ef7-13c95c52811d
|
| 952 |
f |
f |
|p Can circulate
|a CAVAL
|b CAVAL
|c CAVAL
|d CARM 1 Store
|e C00493
|f A2:AD08F0
|h Other scheme
|i book
|m 0027568
|